书目信息 |
| 题名: |
谁拯救了美国
|
|
| 作者: | 彭鑫 著 | |
| 分册: | ||
| 出版信息: | 北京 中国华侨出版社 2009 |
|
| 页数: | 262页 | |
| 开本: | 24cm | |
| 丛书名: | 风云美利坚系列 | |
| 单 册: | ||
| 中图分类: | F171.244 , K837.127=52 | |
| 科图分类: | ||
| 主题词: | 经济危机--研究--美国--20世纪 | |
| 电子资源: | ||
| ISBN: | 978-7-80222-997-6 | |
| 000 | 01173oam2 2200301 45 | |
| 001 | 1050923593 | |
| 005 | 20100415165014.81 | |
| 010 | @a978-7-80222-997-6@dCNY32.00 | |
| 100 | @a20100409d2009 em y0chiy50 ea | |
| 101 | 0 | @achi |
| 102 | @aCN@b110000 | |
| 105 | @ay z 000yy | |
| 106 | @ar | |
| 200 | 1 | @a谁拯救了美国@AShui Zheng Jiu Le Mei Guo@dWho rescued the USA@e大萧条中的罗斯福@EDa Xiao Tiao Zhong De Luo Si Fu@f彭鑫著@FPeng Xin Zhu@zeng |
| 210 | @a北京@c中国华侨出版社@d2009 | |
| 215 | @a262页@c图@d24cm | |
| 225 | 2 | @a风云美利坚系列 |
| 330 | @a本书描述了20世纪最受美国民众爱戴、美国历史上唯一连任4届的总统——富兰克林·罗斯福,在1929-1941年美国经济大萧条中表现出的力挽狂澜的气魄、伟大的个人魅力和政治素养,以及大萧条时期的美国社会众生相。 | |
| 461 | 0 | @12001@@a风云美利坚系列 |
| 510 | 1 | @aWho rescued the USA@zeng |
| 517 | 1 | @a大萧条中的罗斯福@ADa Xiao Tiao Zhong De Luo Si Fu |
| 600 | 1 | @a罗斯福@g(Roosevelt, Franklin Delano)@x生平事迹 |
| 606 | 0 | @a经济危机@x研究@y美国@z20世纪 |
| 690 | @aF171.244@v4 | |
| 690 | @aK837.127=52@v4 | |
| 701 | 0 | @a彭鑫@APeng Xin@4著 |
| 801 | 0 | @aCN@bTANGWEI@c20100415 |
| 905 | @b0591800-02@dF171.244@e157@f3 | |
| 谁拯救了美国=Who rescued the USA:大萧条中的罗斯福/彭鑫著.-北京:中国华侨出版社,2009 |
| 262页:图;24cm.-(风云美利坚系列) |
| ISBN 978-7-80222-997-6:CNY32.00 |
| 本书描述了20世纪最受美国民众爱戴、美国历史上唯一连任4届的总统——富兰克林·罗斯福,在1929-1941年美国经济大萧条中表现出的力挽狂澜的气魄、伟大的个人魅力和政治素养,以及大萧条时期的美国社会众生相。 |
| ● |
| 相关链接 |
|
|
|
|
正题名:谁拯救了美国
索取号:F171.244/157
 
预约/预借
| 序号 | 登录号 | 条形码 | 馆藏地/架位号 | 状态 | 备注 |
| 1 | 0591800 | 205918006 | 第一样本阅览室/ [索取号:F171.244/157] | 在馆 | |
| 2 | 0591801 | 205918015 | 第一借阅区/ [索取号:F171.244/157] | 在馆 | |
| 3 | 0591802 | 205918024 | 第一借阅区/ [索取号:F171.244/157] | 在馆 |